Neutrino factories and superbeams (Record no. 15930)

MARC details
000 -LEADER
fixed length control field 00852nam a2200217Ia 4500
003 - CONTROL NUMBER IDENTIFIER
control field IN-BaIIA
008 - FIXED-LENGTH DATA ELEMENTS--GENERAL INFORMATION
fixed length control field 211028s9999 xx 000 0 eng d
020 ## - INTERNATIONAL STANDARD BOOK NUMBER
International Standard Book Number 0-7354-0201-9
040 ## - CATALOGING SOURCE
Transcribing agency IIA Library
080 ## - UNIVERSAL DECIMAL CLASSIFICATION NUMBER
Universal Decimal Classification number 524.354(082.2)
Item number NEU
111 ## - MAIN ENTRY--MEETING NAME
Meeting name or jurisdiction name as entry element Workshop on Neutrino Factories and Superbeams
Number of part/section/meeting 5th
Location of meeting USA
Date of meeting or treaty signing 2003 June 5 -11
9 (RLIN) 29402
245 #0 - TITLE STATEMENT
Title Neutrino factories and superbeams
Remainder of title 5th International workshop on neutrino factories and superbeams held in New York, USA, 5 - 11 June 2003
Statement of responsibility, etc. edited by Adam Para
260 ## - PUBLICATION, DISTRIBUTION, ETC.
Place of publication, distribution, etc. Melville
Name of publisher, distributor, etc. American Institute of Physics
Date of publication, distribution, etc. 2004
300 ## - PHYSICAL DESCRIPTION
Extent xi, 485p.
490 ## - SERIES STATEMENT
Series statement AIP conference proceedings; v. 721
650 ## - SUBJECT ADDED ENTRY--TOPICAL TERM
Topical term or geographic name entry element Neutrino
650 ## - SUBJECT ADDED ENTRY--TOPICAL TERM
Topical term or geographic name entry element Superbeams
9 (RLIN) 29403
700 ## - ADDED ENTRY--PERSONAL NAME
Personal name Para, Adam., ed.
9 (RLIN) 29404
710 ## - ADDED ENTRY--CORPORATE NAME
Corporate name or jurisdiction name as entry element American Institute of Physics
9 (RLIN) 2416
942 ## - ADDED ENTRY ELEMENTS (KOHA)
Koha item type Books
Holdings
Withdrawn status Lost status Damaged status Not for loan Home library Current library Shelving location Date acquired Source of acquisition Cost, normal purchase price Total Checkouts Full call number Barcode Date last seen Cost, replacement price Price effective from Koha item type Purchase Price
        IIA Library-Bangalore IIA Library-Bangalore General Stacks 19/07/2005 EDS 11552.25   524.354(082.2)/ NEU 16852 05/11/2021 11552.25 19/07/2005 Books Rs. 11552.25

Powered by Koha